| 000 | 00454cam a2200193ua 4500 | ||
|---|---|---|---|
| 020 | _c65.00 | ||
| 041 |
_aeng _h |
||
| 082 |
_a500 _bCUL/CO |
||
| 100 | _aCull, R G . | ||
| 245 |
_aConcepts of science / _cR G Cull. _hTextual Documents |
||
| 250 |
_a3 / _b. |
||
| 260 |
_aNew Delhi : _bWiley Eastern Ltd , _c1981. |
||
| 300 | _a288 ; . | ||
| 365 | _a65.00 | ||
| 504 | _a | ||
| 700 | 1 | _aDrake , W A . | |
| 942 | _cBK | ||
| 999 |
_c10721 _d10721 |
||